000 00252nam a2200109Ia 4500
008 190919s9999||||xx |||||||||||||| ||und||
100 _aBurger,Jerry
245 0 _aPersonality
260 _aNew Delhi
_bMcGraw Hill
_c2000
300 _a608
942 _cBK
999 _c10190
_d10190